00000000nam 2200000zi 4500
0019.946394
003CaOODSP
00520250314093241
006m     o  d f      
007cr cn|||||||||
008241220s2024    onca    ob   f000 0 eng d
020 |a9780660750521
040 |aCaOODSP|beng|erda|cCaOODSP
043 |an-cn---
0861 |aCi4-265/2024E-PDF
24500|aEmployer compliance inspections : |bfor employers hiring temporary foreign workers through the International Mobility Program.
264 1|a[Ottawa] : |bImmigration, Refugees and Citizenship Canada = Immigration, réfugiés et citoyenneté Canada, |c[2024]
300 |a1 online resource (1 unnumbered page) : |billustrations
336 |atext|btxt|2rdacontent
337 |acomputer|bc|2rdamedia
338 |aonline resource|bcr|2rdacarrier
500 |aCaption title.
500 |aIssued also in French under title: Inspections de conformité chez l'employeur : pour les employeurs qui embauchent des travailleurs étrangers temporaires par l'intermédiaire du Programme de mobilité internationale.
504 |aIncludes bibliographical references.
520 |a"An employer compliance inspection verifies that you are meeting your obligations when hiring foreign workers"--Page [1].
61020|aInternational Mobility Program (Canada)
650 0|aForeign workers|xEmployment|xGovernment policy|zCanada.
7101 |aCanada. |bImmigration, Refugees and Citizenship Canada, |eissuing body.
77508|tInspections de conformité chez l'employeur : |w(CaOODSP)9.946395
85640|qPDF|s1.07 MB|uhttps://publications.gc.ca/collections/collection_2025/ircc/Ci4-265-2024-eng.pdf
986 |aIRCC-4017